00722nam a22001937a 450000500170000001000150001702000270003203500130005903700130007208200140008510000220009924501840012125000110030526000430031627001020035930000250046170000160048670000260050220131011121512.0 aENG-107962 c1495.00a9789350352328 aEN-91495 bDBAD/PUB a345.54056 aRamakrishna, P.V.00aLaw of bails :cby P.V. Ramakrishna ; revised by J.S. Dubey [and] Jagdish Kumar Solankiban exhaustive treatise on bails of all kinds along with model forms of bail applications / a8th ed aDelhibUniversal Law Publishing c2012 aC-FF-1A, Dilkhus Industrial Estate, (Near Azadpur Metro Station) G.T. Karnal Road,bDelhie110033 axciv,968p.c26cm(Hb) aDubey,J.S.  aSolanki,Jagdish Kumar